<?xml version="1.0" encoding="UTF-8"?>
<record
    xmlns:xsi="http://www.w3.org/2001/XMLSchema-instance"
    xsi:schemaLocation="http://www.loc.gov/MARC21/slim http://www.loc.gov/standards/marcxml/schema/MARC21slim.xsd"
    xmlns="http://www.loc.gov/MARC21/slim">

  <leader>01327cam a2200241   4500</leader>
  <controlfield tag="005">20210818122842.0</controlfield>
  <controlfield tag="008">051031s2002    ag            000 0dspa u</controlfield>
  <datafield tag="020" ind1=" " ind2=" ">
    <subfield code="a">9505083130</subfield>
  </datafield>
  <datafield tag="050" ind1="0" ind2="4">
    <subfield code="a">K1707</subfield>
    <subfield code="b">V66 1990</subfield>
  </datafield>
  <datafield tag="100" ind1="1" ind2=" ">
    <subfield code="a">Von Potobsky, Geraldo W.</subfield>
    <subfield code="e">autor</subfield>
  </datafield>
  <datafield tag="245" ind1="1" ind2="3">
    <subfield code="a">La Organizaci&#xF3;n Internacional del Trabajo </subfield>
    <subfield code="b">: funcionamiento del sistema normativo internacional, instrumentos sobre derechos humanos fundamentales </subfield>
    <subfield code="c"> / Geraldo W. Von Potobsky, H&#xE9;ctor G. Bartolomei de la Cruz ; pr&#xF3;logo de Jos&#xE9; Mar&#xED;a Ruda</subfield>
  </datafield>
  <datafield tag="250" ind1=" " ind2=" ">
    <subfield code="a">1a ed.</subfield>
  </datafield>
  <datafield tag="260" ind1=" " ind2=" ">
    <subfield code="a">Buenos Aires, Argentina : </subfield>
    <subfield code="b"> Astrea, </subfield>
    <subfield code="c">1990</subfield>
  </datafield>
  <datafield tag="300" ind1=" " ind2=" ">
    <subfield code="a">xxix, 526 p. :</subfield>
    <subfield code="c"> 23 cm.</subfield>
  </datafield>
  <datafield tag="500" ind1=" " ind2=" ">
    <subfield code="a">En la portada : Funcionamiento del sistema normativo internacional, Instrumentos sobre derechos fundamentales ; Elaboraci&#xF3;n, puesta en vigor y denuncia de  normas Procedimientos de control. Libertades de trabajo y sindical Igualdad de oportunidades  y de trato, La situaci&#xF3;n en los pa&#xED;ses iberoamericanos</subfield>
  </datafield>
  <datafield tag="504" ind1=" " ind2=" ">
    <subfield code="a">Incluye anexos, bibliograf&#xED;a : p. 513-519 e &#xED;ndice</subfield>
  </datafield>
  <datafield tag="650" ind1=" " ind2="7">
    <subfield code="2">lemb</subfield>
    <subfield code="a">Organizaci&#xF3;n Internacional del Trabajo</subfield>
  </datafield>
  <datafield tag="650" ind1=" " ind2="7">
    <subfield code="2">lemb</subfield>
    <subfield code="a">Derecho Laboral Internacional</subfield>
  </datafield>
  <datafield tag="650" ind1=" " ind2="7">
    <subfield code="2">lemb</subfield>
    <subfield code="a">Derechos Humanos (Derecho Internacional)</subfield>
  </datafield>
  <datafield tag="700" ind1="1" ind2=" ">
    <subfield code="a">Bartolomei de la Cruz, H&#xE9;ctor G.</subfield>
    <subfield code="e">autor</subfield>
  </datafield>
  <datafield tag="700" ind1="1" ind2=" ">
    <subfield code="a">Ruda, Jos&#xE9; Mar&#xED;a</subfield>
    <subfield code="e">prologuista</subfield>
  </datafield>
  <datafield tag="942" ind1=" " ind2=" ">
    <subfield code="2">lcc</subfield>
    <subfield code="c">LIB</subfield>
  </datafield>
  <datafield tag="999" ind1=" " ind2=" ">
    <subfield code="c">75492</subfield>
    <subfield code="d">75492</subfield>
  </datafield>
  <datafield tag="952" ind1=" " ind2=" ">
    <subfield code="1">0</subfield>
    <subfield code="2">lcc</subfield>
    <subfield code="4">0</subfield>
    <subfield code="7">0</subfield>
    <subfield code="a">LIC-002</subfield>
    <subfield code="b">LIC-002</subfield>
    <subfield code="c">GENERAL</subfield>
    <subfield code="d">2018-06-05</subfield>
    <subfield code="f">1a. ed.</subfield>
    <subfield code="i">D</subfield>
    <subfield code="k">CSA</subfield>
    <subfield code="l">1</subfield>
    <subfield code="o">K1707 V66 r2002</subfield>
    <subfield code="p">BFD000009720</subfield>
    <subfield code="r">2026-02-19 13:00:47</subfield>
    <subfield code="s">2026-02-19</subfield>
    <subfield code="t">1</subfield>
    <subfield code="v">1.00</subfield>
    <subfield code="y">LIB</subfield>
  </datafield>
</record>
